Mythical Creatures by Picture - Statistics

General Stats
  • This quiz has been taken 468 times
  • The average score is 13 of 15
Answer Stats
Picture Answer % Correct
Mermaid
99%
Unicorn
98%
Pegasus
96%
Extraterrestrials
95%
Fairy
95%
Medusa
94%
Centaur
93%
Cyclops
93%
Sphinx
90%
Godzilla
88%
Minotaur
86%
Griffin
80%
Dragon
73%
Frankenstein's Monster
63%
Zombie
59%
No matching quizzes found
Score Distribution
Percent of People with Each Score
Percentile by Number Answered
Your Score History
You have not taken this quiz